| 000 | 00985cam a22003015a 4500 | ||
|---|---|---|---|
| 001 | 016042547 | ||
| 003 | OSt | ||
| 005 | 20201128024020.0 | ||
| 008 | 121106t2013 njua frd 001 0 eng d | ||
| 020 | _a9780132599023 | ||
| 020 | _a0132599023 | ||
| 040 |
_aIiNdDKA _beng _cIiNdDKA _dEG-ScBUE |
||
| 082 | 0 | 4 |
_a005.8 _222 _bBOY |
| 100 | 1 |
_aBoyle, Randall J. _937997 |
|
| 245 | 1 | 0 |
_aCorporate computer security / _cRandall J. Boyle, Raymond R. Panko. |
| 250 | _a3rd ed., International ed. | ||
| 260 |
_aUpper Saddle River : _bPearson Education, _cc.2013. |
||
| 300 |
_axxiv, 664 p. : _bill. ; _c24 cm. |
||
| 500 | _aIndex : p. 655-664. | ||
| 500 | _aGlossary : p. 637-654. | ||
| 650 | 7 |
_aComputer security. _2BUEsh _92637 |
|
| 650 | 7 |
_aComputer networks _xSecurity measures. _2BUEsh _92634 |
|
| 650 | 7 |
_aElectronic data processing departments _xSecurity measures. _2BUEsh _919733 |
|
| 651 | _2BUEsh | ||
| 653 |
_bCOMSCI _cNovember2016 |
||
| 700 | 1 |
_aPanko, R. R. _919730 |
|
| 942 | _2ddc | ||
| 999 |
_c23297 _d23269 |
||